| 000 | 00792nam a2200229 i 4500 | ||
|---|---|---|---|
| 001 | 122297 | ||
| 003 | ES-MaACL | ||
| 005 | 20230906191940.0 | ||
| 007 | t| | ||
| 008 | 070523s1983 sp ||||1| spa d | ||
| 080 | _a75 Vallina, Consuelo | ||
| 100 | 1 |
_aVallina, Consuelo. _9112915 |
|
| 245 | 1 | 0 |
_aConsuelo Vallina _b: Febrero 1983 : Museo Bellas Artes de Asturias, Oviedo. |
| 260 |
_aOviedo : _bMuseo de Bellas Artes de Asturias, _c1983. |
||
| 300 |
_a[26] p. : _bprincipalmente il. col. y n. ; _c22 x 22 cm. |
||
| 600 | 1 | 4 |
_aVallina, Consuelo- _vExposiciones. _9112916 |
| 655 | 7 |
_2tgfbne _9193628 _aCatálogos de exposiciones |
|
| 710 | 2 |
_aMuseo de Bellas Artes de Asturias. _95843 |
|
| 852 |
_aES-MaACL _j2126-F-20 _bR.105219 |
||
| 942 | _2udc | ||
| 999 |
_c122297 _d122297 |
||